Avaliação da zinco protoporfirina (ZPP) em ruminantes domésticos (Registro n. 301255)
[ somente texto ]
| 000 -LÍDER | |
|---|---|
| fixed length control field | 03863nab a2200349 i 4500 |
| 003 - CÓDIGO MARC DA AGÊNCIA CATALOGADORA | |
| Campo de controle | BR-BrBNA |
| 005 - DATA E HORA DA ÚLTIMA ATUALIZAÇÃO | |
| Campo de controle | 20240917133735.0 |
| 008 - CAMPO DE TAMANHO FIXO | |
| fixed length control field | 240917b2018 bl.|r|pooa||| 00| 0 por | |
| 040 ## - FONTE DA CATALOGAÇÃO | |
| Agência catalogadora | BR-BrBNA |
| Idioma da catalogação | por |
| 072 ## - CATEGORIA AGRIS | |
| Código AGRIS | L50 |
| Código do objeto | 5240 |
| 072 ## - CATEGORIA AGRIS | |
| Código AGRIS | L74 |
| Código do objeto | 5250 |
| 100 ## - ENTRADA PRINCIPAL - NOME PESSOAL | |
| Nome pessoal | Bombardelli, J.A. |
| 100 ## - ENTRADA PRINCIPAL - NOME PESSOAL | |
| Nome pessoal | Reis, G.A. |
| 100 ## - ENTRADA PRINCIPAL - NOME PESSOAL | |
| Nome pessoal | Lupatini, C.G. |
| 100 ## - ENTRADA PRINCIPAL - NOME PESSOAL | |
| Nome pessoal | Kogika, M.M. |
| 100 ## - ENTRADA PRINCIPAL - NOME PESSOAL | |
| Nome pessoal | Benesi, F.J. |
| 245 ## - TÍTULO PRINCIPAL | |
| Título principal | Avaliação da zinco protoporfirina (ZPP) em ruminantes domésticos |
| 500 ## - NOTA GERAL | |
| Nota geral | <br/>Publicação online; 19 ref.; Summaries (En, Pt) |
| 942 ## - ADDED ENTRY ELEMENTS (KOHA) | |
| Koha item type | Analítica |
| 520 ## - NOTA DE RESUMO | |
| Nota de conteúdo | <br/><br/>RESUMO - Nos sistemas de criação de ruminantes, a anemia crônica pode levar a grandes prejuízos econômicos, sendo decorrente da deficiência de ferro no organismo. Quando este se torna indisponível para ser incorporado à hemoglobina, forma-se um composto denominado zinco protoporfirina (ZPP), que pode ser um marcador precoce para a anemia, útil, portanto, para seu diagnóstico. Porém, para a utilidade dessa mensuração, é necessário que se conheçam os valores normais de ZPP para cada espécie. Assim, foram utilizados 30 bezerros, 30 caprinos e 30 ovinos, todos saudáveis, nos quais foram mensurados esses valores. Essa mensuração foi determinada em amostras de sangue refrigeradas, coletadas com EDTA, obtendo-se valores em hemácias não lavadas e lavadas. A lavagem visou à eliminação de substâncias interferentes nessas medidas. A média da ZPP nas amostras não lavadas foi de 80,9µmol ZPP/mol de heme nos bezerros; 55,09µmol ZPP/mol de heme nos caprinos e 73,76µmol ZPP/mol de heme nos ovinos. Após a lavagem, os valores foram 61,4µmol ZPP/mol de heme; 43,92µmol ZPP/mol de heme e 59,36µmol ZPP/mol de heme, nos bezerros, caprinos e ovinos, respectivamente. Devido à praticidade da técnica, essa pode ser empregada para a detecção precoce da anemia ferropriva, sendo recomendada a<br/>prévia lavagem das hemácias.<br/><br/><br/>Palavras-chave: ruminantes, anemia, ferro, zinco, hemoglobina |
| 520 ## - NOTA DE RESUMO | |
| Nota de conteúdo | <br/><br/>ABSTRACT - In ruminant breeding systems, chronic anemia can lead to economic losses, resulting from iron deficiency in the organismo. When iron is unavailable for incorporation into hemoglobin, a compound called zinc protoporphyrin (ZPP) is formed, may be an early marker for anemia and is useful for its diagnosis. However, for this measurement to be useful, it is necessary to know the normal values for the species. Therefore, 30 calves, 30 goats and 30 sheep, all of them healthy, to standardize the values were used. This measurement was determined on refrigerated blood samples collected with EDTA, obtaining values in red blood cells not washed and washed. The washing aimed at the elimination of interfering substances in these measures. The mean of the ZPP in the unwashed samples was 80,9µmol ZPP/mol of heme in calves; 55,09µmol ZPP/mol of heme in goats and 73,76µmol ZPP/mol of heme in sheep. After washing, the values were 61,4µmol ZPP/mol of heme; 43,92µmol ZPP/mol of heme e 59,36µmol ZPP/mol of heme, in calves, goats and sheep, respectively. Due to its practicality, the techniquecan be used for the early detection of iron deficiency anemia, recommending the previous lavage of the red blood cells.<br/><br/><br/>Keywords: ruminants, anemia, iron, zinc, hemoglobin |
| 650 ## - ASSUNTO - THESAGRO | |
| Cabeçalho tópico ou nome geográfico | RUMINANTE |
| 650 ## - ASSUNTO - THESAGRO | |
| Cabeçalho tópico ou nome geográfico | ANEMIA |
| 650 ## - ASSUNTO - THESAGRO | |
| Cabeçalho tópico ou nome geográfico | DISTÚRBIO ANIMAL |
| 650 ## - ASSUNTO - THESAGRO | |
| Cabeçalho tópico ou nome geográfico | FERRO |
| 650 ## - ASSUNTO - THESAGRO | |
| Cabeçalho tópico ou nome geográfico | ZINCO |
| 650 ## - ASSUNTO - THESAGRO | |
| Cabeçalho tópico ou nome geográfico | HEMOGLOBINA |
| 650 ## - ASSUNTO - THESAGRO | |
| Cabeçalho tópico ou nome geográfico | BIOQUÍMICA ANIMAL |
| 773 0# - ENTRADA ANALÍTICA | |
| Host Biblionumber | 1643 |
| Registro do item | 318020 |
| Imprenta | Belo Horizonte-MG Universidade Federal de Minas Gerais - Escola de Veterinaria 1983 |
| Outro identificador | 2024-4754 |
| Título | Arquivo Brasileiro de Medicina Veterinária e Zootecnia (Brazil) |
| ISSN | 0102-0935 |
| Colação | v. 70(4) p. 1135-1140; (2018) |
| 856 ## - ACESSO E ENDEREÇO ELETRÔNICO | |
| Identificador uniforme de recurso - URI | https://www.scielo.br/j/abmvz/a/4xWtdpjVLt8m6qkSHFPYQpz/?format=pdf&lang=pt |
Nenhum exemplar disponível.

BINAGRI